000 01846nam a22002537a 4500
005 20171201142009.0
008 171201b1931 sp |||fr|||| 001 0 spa d
040 _cSandra Yazo
_dSandra Yazo
041 _aspa
082 0 4 _220
_a922
092 _aE44N071
100 1 _aVélez, Pedro M
_989927
245 1 0 _aObservaciones al libro de Aubrey F. G. Bell sobre Fray Luis de León.
_b(Contribución a la biografía del teólogo-poeta y a la historia del Renacimiento y de la Inquisición española) ... Artículos publicados en la Revista agustiniana Religión y Cultura.
_cpor el P. Pedro M. Vélez
260 _aEl Escorial (España)
_bImprenta del monasterio
_c1931
300 _a356 páginas
_c23 x 16 cm.
500 _aDetalles físicos: Encuadernación holandesa en cartón duro forrado en papel jaspeado. Lomo de tela texturizada con dorados en dorado. Guardas. Anteportada. Portada impresa en una sola tinta con un grabado, emblema agustiniano. Dedicatoria. Texto impreso en una columna. Notas de pie de página. Márgenes amplios. Erratas. Índice en verso de la guarda delantera anotación de donación por el autor
505 0 _aDedicatoria ; A guisa de Introducción ; España y el Renacimiento ; España y la Reforma ; La Universidad de Salamanca ; Infancia ; Años de estudiante ; Profesor de Salamanca ; En las celdas de la Inquisición ; Portus quietis ; Carácter e ideas ; Fr ; Luis de León poeta, prosista y pensador político: Fray Luis y Felipe II ; Cabos sueltos ; Resumen y Conclusión ; Observaciones de Mr. Bell a mi libro ; Comentarios a esas notas
506 _aConsulta en sala
600 1 4 _aLeón, Luis de
_d1527-1591
_xBiografías
_989928
650 7 _914785
_aEscritores españoles
_xBiografías
650 7 _925244
_aTeólogos
690 _aBiografías
_97343
942 _2LOCAL
_cLIBRO
_e1
_hE44N071
999 _c308836
_d308836